000 00669nam a2200277Ia 4500
005 20260324150927.0
008 008 260324s9999 xx 000 0 eng d
020 _a9780203704875
037 _aEBOOK
040 _aCRL
040 _beng
040 _cCRL
041 _2eng
041 _aeng
084 _qCRL
100 _aWalter George Ivens
_91228112
245 0 _aRevival: Melanesians of the South-East Solomon Islands (1927)
260 _bTaylor and Francis
260 _c1927
365 _a
365 _b480
856 _uhttp://www.taylorfrancis.com/books/9780203704875
942 _cEBOOK
999 _c1838390
_d1838390